Bear with me mother : (Record no. 55361)

MARC details
000 -LEADER
fixed length control field 01486cam a2200277 a 4500
005 - DATE AND TIME OF LATEST TRANSACTION
control field 20110812124914.0
010 ## - LCCN (DPL NO)
LC control number B-428561-562
020 ## - INTERNATIONAL STANDARD BOOK NUMBER
International Standard Book Number 9788130909608
Terms of availability 295.00
035 ## - SYSTEM CONTROL NUMBER
System control number B-428561-562
037 ## - SOURCE OF ACQUISITION
Source of stock number/acquisition Researchco Book Centre
082 ## - DEWEY DECIMAL CLASSIFICATION NUMBER
Classification number 883.092
100 1# - MAIN ENTRY--PERSONAL NAME
Personal name Vasudevan Nair, M. T.,
245 10 - TITLE STATEMENT
Title Bear with me mother :
Remainder of title memoirs and stories /
Statement of responsibility, etc M.T. Vasudevan Nair ; translated by Gita Krishnankutty.
260 ## - PUBLICATION, DISTRIBUTION, ETC. (IMPRINT)
Place of publication, distribution, etc New Delhi :
Name of publisher, distributor, etc Viva Books,
Date of publication, distribution, etc 2010.
300 ## - PHYSICAL DESCRIPTION
Extent viii, 342 p. :
Other physical details ill. ;
Dimensions 23 cm. (Pbk)
600 10 - SUBJECT ADDED ENTRY--PERSONAL NAME
Personal name Vasudevan Nair, M. T.,
Dates associated with a name 1934-
600 10 - SUBJECT ADDED ENTRY--PERSONAL NAME
Personal name Vasudevan Nair, M. T.,
Dates associated with a name 1934-
Form subdivision Translations into English.
650 #0 - SUBJECT ADDED ENTRY--TOPICAL TERM
Topical term or geographic name as entry element Authors, Malayalam
Chronological subdivision 20th century
Form subdivision Biography.
650 #0 - SUBJECT ADDED ENTRY--TOPICAL TERM
Topical term or geographic name as entry element Malayalam literature
Chronological subdivision 20th century
General subdivision History and criticism.
700 1# - ADDED ENTRY--PERSONAL NAME
Personal name Krishnankutty, Gita,
Dates associated with a name 1935-
9 (RLIN) 32793
942 ## - ADDED ENTRY ELEMENTS (KOHA)
Source of classification or shelving scheme Dewey Decimal Classification
Item type English Books
Call number prefix 295.00
Classification part 883.092
Holdings
Withdrawn status Lost status Not for loan Collection code Home library Current library Date acquired Source of acquisition Cost, normal purchase price Full call number Barcode Copy number Cost, replacement price Koha item type
      Non-fiction Central Library Central Library 18/08/2011 Researchco Book Centre/RBC-22425/2011-12/17.3.11/76/4.3.11/30.3.11 295.00 883.092 B-428561 1 295.00 English Books
      Non-fiction Sarojini Nagar Sarojini Nagar 18/08/2011 Researchco Book Centre/RBC-22425/2011-12/17.3.11/76/4.3.11/30.3.11 295.00 883.092 B-428562 1 295.00 English Books

© Delhi Public Library
Hit Counter
free hit counter